| 000 | 00834cam a22002171a 4500 | ||
|---|---|---|---|
| 001 | ca 09004347 | ||
| 003 | DLC | ||
| 005 | 20260227111050.0 | ||
| 008 | 880309s1885 nyu 000 1 eng | ||
| 010 | _aca 09004347 | ||
| 035 | _a(OCoLC)17600315 | ||
| 040 |
_aDLC _cMeWC _dDLC |
||
| 042 | _apremarc | ||
| 050 | 0 | 0 |
_aPZ3.N798 _bMan _aPR5112.N25 |
| 100 | 1 |
_aNorris, W. E. _q(William Edward), _d1847-1925. |
|
| 245 | 1 | 2 |
_aA man of his word : _band other stories / _cby W.E. Norris. |
| 260 |
_aNew York : _bHarper & Brothers, _c1885. |
||
| 300 |
_a66 p. ; _c29 cm. |
||
| 440 | 0 |
_aHarper's Franklin square library ; _vno. 454 |
|
| 505 | 0 | _aA man of his word -- La bella sorrentine -- The man with the red hair -- Nils Jensen -- The princess Paolini -- Count Waldemar -- The Countess Adelcrantz -- Mrs. Van Steen -- The old woman of the sea. | |
| 999 |
_c14011 _d14011 |
||